000 01073cab a2200205 4500
001 L129507
008 050426n2005 000 0 eng u
035 _a(Sirsi) u129507
041 _aeng
100 _aJolly, Peter
245 _aPossessing the knowledge to tackle arrears
260 _c2005
490 _aLaw Society's Gazette
_v102 (15) 14 April 2005, 36(1)
520 _aExamines some reasons why residential property landlords experience delay in obtaining an order for possession. Looks at the pitfalls surrounding the correct serving of the written possession notice for assured shorthold tenancies under the Housing Act 1988 s21 and at possible problems surrounding the procedures under the Housing Act 1985 and the 1988 Act for terminating assured shortholds for non-payment of rent.
590 _aIKA290405
650 _aHOUSING ACT 1988 S21
650 _aHOUSING ACT 1985
690 _aPROPERTY-RESIDENTIAL PROPERTY-LEASEHOLD RESIDENTIAL PROPERTY-RESIDENTIAL LANDLORD AND TENANT-RESIDENTIAL TENANCIES-FORFEITURE OF RESIDENTIAL TENANCIES
942 _n0
999 _c75135
_d75135